'RED' Add-agrams Quiz Stats

 Plays Quiz Updated Mar 12, 2016

Also try: 'WET' Add-agrams
Challenge
Share
Tweet
Embed
Score 0/18 Timer 04:00
1 Play Today
Grouping Answer % Correct
'RED' + 1BRED
98.8%
'RED' + 1DREW
93.5%
'RED' + 1HERD
93%
'RED' + 1CRED
92%
'RED' + 1DREG
83.9%
'RED' + 1DYER / DREY
80%
'RED' + 2TREND
67.1%
'RED' + 3DRESSY
62.4%
'RED' + 2ORDER
58.3%
Grouping Answer % Correct
'RED' + 2DERBY
49.8%
'RED' + 2NERDY
45.9%
'RED' + 2RODEO
44.5%
'RED' + 2HORDE
39.6%
'RED' + 3BURPED
38.6%
'RED' + 3YONDER
37.7%
'RED' + 3RIFLED
29.3%
'RED' + 3DEFERS
27.8%
'RED' + 3DEARLY
24.9%

You're not logged in!

Compare scores with friends on all Sporcle quizzes.
Join for Free
OR
Log In

You Might Also Like...

Show Comments

Extras

Top Quizzes Today


Score Distribution

Your Account Isn't Verified!

In order to create a playlist on Sporcle, you need to verify the email address you used during registration. Go to your Sporcle Settings to finish the process.

Report this User

Report this user for behavior that violates our Community Guidelines.

Details: